000 00493nam a2200169Ia 4500
999 _c11685
_d11685
003 OSt
005 20201022122148.0
008 190216s9999||||xx |||||||||||||| ||und||
040 _coclc
082 _a910.922
_bHOP/G
100 _aHopkins, Kenneth
_96059
245 0 _aGreat Moments In Exploration /
_cKenneth Hopkins
260 _bPhoenix House LTD,
_c1959.
_aLondon:
300 _a128p
650 _aEnglish Essay
942 _cBK
_2ddc
_h910.922
_iHOP/G
_k910.922
_mHOP/G